000 00593nam a22002057a 4500
005 20260420103256.0
008 260420b |||||||| |||| 00| 0 eng d
020 _a978-1-947172-38-8
082 _a339
_bSTE-P
100 _aSteven A, Greenlaw, (SENIOR CONTRIBUTING AUTHORS)
245 _aPrinciples Of Macroeconomics
250 _a2nd Ed
260 _aHouston, Texas
_bOpenstax
_c2018
300 _a617 p.
500 _aIncludes Index.
650 _aMacroeconomics
700 _aUNIVERSITY OF MARY WASHINGTON DAVID SHAPIRO,
700 _aPENNSYLVANIA STATE UNIVERSITY
942 _cBK
999 _c47329
_d47329